000 00931nam a22002417a 4500
005 20170502153532.0
010 _aBAC-EN21 ENG-111967
020 _a9780143419723
_c299.00
035 _aEN-95499
035 _aB-491401-432
035 _aB-666137
037 _bPragati/Ven
_adpl
037 _bDBAD/PUB
082 _a616.462
100 _aTalwalkar, Pradeep G.
245 _aLiving easy with diabetes :
_bthe ultimate handbook /
_cby Pradeep G. Talwalkar
260 _aNew Delhi
_bPenguin Books
_c2013
270 _a11 Community Centre, Panchsheel park
_bNew Delhi
_e110017
300 _aviii,263p. :
_c21cm(pbk)
_bill.
942 _2ddc
_cEN
_mTAL
_h616.462
999 _c89633
_d89633